Punarutthana advancing thirtharameshwara temple infrastructure (Record no. 12576)

000 -LEADER
fixed length control field 00531nam a2200157 4500
008 - FIXED-LENGTH DATA ELEMENTS--GENERAL INFORMATION
fixed length control field 240224b ||||| |||| 00| 0 eng d
040 ## - CATALOGING SOURCE
Original cataloging agency BMS College of Architecture
100 ## - MAIN ENTRY--PERSONAL NAME
Personal name Keshava Murthy K T
245 ## - TITLE STATEMENT
Title Punarutthana advancing thirtharameshwara temple infrastructure
300 ## - PHYSICAL DESCRIPTION
Extent 55P,
500 ## - GENERAL NOTE
General note 1CF19AT046
502 ## - DISSERTATION NOTE
Degree type B.Arch.
Name of granting institution BMS College of Architecture, Visvesvaraya Technological University (VTU)
Dissertation note Project report
Year degree granted 2024
700 ## - ADDED ENTRY--PERSONAL NAME
Personal name Mukesh Kotak
Relator term Guide
710 ## - ADDED ENTRY--CORPORATE NAME
Corporate name or jurisdiction name as entry element Ann Joseph
-- Guide
942 ## - ADDED ENTRY ELEMENTS (KOHA)
Source of classification or shelving scheme
Koha item type UG-Thesis and Dissertations
Holdings
Withdrawn status Lost status Source of classification or shelving scheme Damaged status Not for loan Permanent Location Current Location Date acquired Barcode Date last seen Koha item type
        Not For Loan BMS College of Architecture, Design and Planning BMS College of Architecture, Design and Planning 2024-02-24 AR-UGP1206 2024-02-24 UG-Thesis and Dissertations
Copyright © 2025, The Librarian, Library and Information Centre, BMSCA D&P, Bengaluru. All Rights Reserved
web counter

Powered by Koha